Southville International School and Colleges
Your cart is empty.
  • Cart
  • Lists
    Public lists Eva Luna New books Lux_list list_1
    Your lists Log in to create your own lists
  • Log in to your account
  • Your cookies
  • Search history
Southville International School and Colleges
  • Advanced search
  • Recent comments
  • Most popular
  • Libraries

Log in to your account

Log in with GOOGLE


If you do not have an external account, but do have a local account, you can still log in:

  1. Home
  2. MARC view: Let's go home, little bear /
Normal view MARC view ISBD view

Let's go home, little bear / (Record no. 104834)

[ view plain ]
MARC details
000 -LEADER
fixed length control field 00596nam a2200181 a 4500
005 - DATE AND TIME OF LATEST TRANSACTION
control field 20140412111329.0
008 - FIXED-LENGTH DATA ELEMENTS--GENERAL INFORMATION
fixed length control field 110129s19uu xx 00 eng d
020 ## - INTERNATIONAL STANDARD BOOK NUMBER
International Standard Book Number 1-564-02-447-4
050 ## - LIBRARY OF CONGRESS CALL NUMBER
Classification number TR(PS E
Item number Le46 1993
100 ## - MAIN ENTRY--PERSONAL NAME
Personal name Waddell, Martin
245 ## - TITLE STATEMENT
Title Let's go home, little bear /
Statement of responsibility, etc Martin Waddell.
260 ## - PUBLICATION, DISTRIBUTION, ETC. (IMPRINT)
Place of publication, distribution, etc Massachusetts :
Name of publisher, distributor, etc Candlewick,
Date of publication, distribution, etc 1993.
300 ## - PHYSICAL DESCRIPTION
Extent unp.
520 ## - SUMMARY, ETC.
Summary, etc When little bear is frightened by the noises he hears while walking in the snowy woods, his friend big bear reassures him.
650 ## - SUBJECT ADDED ENTRY--TOPICAL TERM
Topical term or geographic name as entry element Fear - fiction
650 ## - SUBJECT ADDED ENTRY--TOPICAL TERM
Topical term or geographic name as entry element Noise - fiction
Holdings
Withdrawn status Lost status Damaged status Home library Current library Shelving location Date acquired Source of acquisition Total Checkouts Full call number Barcode Date last seen Price effective from Koha item type
      Elizalde Library Elizalde Library Teachers Reference Section 01/29/2011     TR(PS E Le46 1993 E8808 04/12/2014 04/12/2014 Books

Let's go home, little bear /

APA

Waddell M., . (1993). Let's go home, little bear. Massachusetts: Candlewick.

Chicago

Waddell Martin, . 1993. Let's go home, little bear. Massachusetts: Candlewick.

Harvard

Waddell M., . (1993). Let's go home, little bear. Massachusetts: Candlewick.

MLA

Waddell Martin, . Let's go home, little bear. Massachusetts: Candlewick. 1993.

  • Place hold
  • Print
  • Cite
  • Add to your cart (remove)
  • Save record
    BIBTEX Dublin Core MARCXML MARC (non-Unicode/MARC-8) MARC (Unicode/UTF-8) MARC (Unicode/UTF-8, Standard) MODS (XML) RIS
  • More searches
    Search for this title in:
    Other Libraries (WorldCat) Other Databases (Google Scholar) Online Stores (Bookfinder.com) Open Library (openlibrary.org)

Exporting to Dublin Core...

SOUTHVILLE LIBRARY

Southville International School and Colleges Library

1281 Tropical Ave. Cor. Luxembourg St., BF Homes International, Las Pinas City

Tel. No. 8256374 / 252358 Loc. 117/146

Powered by Koha